[Event "Duesseldorf-ch"]
[Site "Duesseldorf"]
[Date "2005.09.09"]
[Round "2.8"]
[White "Ern, Juergen"]
[Black "Sponheim, Marko"]
[Result "0-1"]
[WhiteElo "1542"]
[BlackElo "1976"]
[PlyCount "80"]
[EventDate "2005.09.02"]
[EventType "swiss"]
[EventRounds "9"]
[EventCountry "GER"]
[SourceTitle "EXT 2006"]
[Source "ChessBase"]
[SourceDate "2005.11.24"]
[SourceVersion "1"]
[SourceVersionDate "2005.11.24"]
[SourceQuality "1"]

1. e4 c5 2. Nf3 d6 3. d4 cxd4 4. Nxd4 Nf6 5. Nc3 a6 6. Bg5 e6 7. f4 Be7 8. Qf3 h6 9. Bh4 Qc7 10. 0-0-0 Nbd7 11. g4 g5 12. fxg5 Ne5 13. Qg3 Nfxg4 14. g6 fxg6 15. Bxe7 Qxe7 16. Be2 h5 17. Rhf1 h4 18. Qg1 h3 19. Nf3 Bd7 20. Qd4 Nf7 21. e5 Ngxe5 22. Nxe5 Qg5+ 23. Rd2 Qxe5 24. Qxe5 Nxe5 25. Rxd6 Ke7 26. Ne4 Rh4 27. Rd4 Nc6 28. Rxd7+ Kxd7 29. Rf7+ Ne7 30. Nf6+ Kd6 31. Bg4 Nd5 32. Ne4+ Ke5 33. Nf2 Rah8 34. Rf3 Nf4 35. Re3+ Kf6 36. Kd2 Rd8+ 37. Kc1 Rdh8 38. Kd2 g5 39. Ne4+ Kg6 40. Nxg5 Rd8+ 0-1